banner-ar

الحروب العربية الاسرائيلية (1948 - 1982) / (Record no. 61784)

MARC details
000 -الفاتح
حقل البيانات ثابتة الطول 00749nam a2200205Ia 4500
005 - وقت وتاريخ اخر تعامل مع التسجيلة
رقم الضبط 20240530110516.0
008 - عناصر البيانات ثابتة الطول - معلومات عامة
حقل البيانات ثابتة الطول 140319s9999 xx 000 0 ara d
040 ## - مصدر الفهرسة
وكالة الفهرسة الأصلية GCL /
وكالة النسخ GCL
082 04 - رقم تصنيف ديوى العشرى
رقم التصنيف 956.04\
رقم المادة هـ ح
100 0# - المدخل الرئيسى - إسم شخصى
الإسم الشخصى هرزوج ، حاييم
245 10 - بيان العنوان
العنوان الحروب العربية الاسرائيلية (1948 - 1982) /
بيان المسئوليه,etc حاييم هرزوج ؛ ترجمة بدر الرفاعى .
260 ## - PUBLICATION, DISTRIBUTION, ETC. (IMPRINT)
تاريخ النشر أو التوزيع 1993
300 ## - الوصف المادى
التعداد 432 ص ؛
أبعاد الوعاء 24سم
650 04 - المدخل الاضافى بالموضوع-مصطلح موضوعى
مصطلح موضوعي النزاع العربى الاسرائيلى
650 04 - المدخل الاضافى بالموضوع-مصطلح موضوعى
مصطلح موضوعي الحروب العربية الاسرائيلية
650 04 - المدخل الاضافى بالموضوع-مصطلح موضوعى
مصطلح موضوعي حرب الاستنزاف
700 1# - المدخل الاضافى - اسم شخصى
الإسم الشخصى بدر الرفاعى
الدور مترجم .
942 ## - عناصر المدخل الإضافي( كوها)
مصدر التصنيف او مخطط الترفيف Dewey Decimal Classification
Koha [default] item type كتاب
260 ## - PUBLICATION, DISTRIBUTION, ETC. (IMPRINT)
-- القاهرة :
-- سينا للنشر ،
Holdings
حالة التراجع حالة الفقد مصدر التصنيف او خطة الترفيف حالة تلف ليس للاعارة المكان المؤقت الموقع الحالى تاريخ الاكتساب اجمالي اﻻعارات رقم الطلب الباركود تاريخ اخر مشاهدة تاريخ تفعيل السعر نوع وعاء كوها
    ddc     مكتبة القاهرة الكبرى مكتبة القاهرة الكبرى 01/30/2016   956.04\ هـ ح 161184 01/30/2016 01/30/2016 كتاب
    ddc     مكتبة القاهرة الكبرى مكتبة القاهرة الكبرى 01/30/2016   956.04\ هـ ح 161185 01/30/2016 01/30/2016 كتاب
    ddc     مكتبة القاهرة الكبرى مكتبة القاهرة الكبرى 01/30/2016   956.04\ هـ ح 161186 01/30/2016 01/30/2016 كتاب
    ddc     مكتبة القاهرة الكبرى مكتبة القاهرة الكبرى 01/30/2016   956.04\ هـ ح 161187 01/30/2016 01/30/2016 كتاب
    ddc     مكتبة القاهرة الكبرى مكتبة القاهرة الكبرى 01/30/2016   956.04\ هـ ح 161188 01/30/2016 01/30/2016 كتاب

Powered By

EGPV